[Event "NED-chT 0708"]
[Site "Netherlands"]
[Date "2007.11.24"]
[Round "4.7"]
[White "Wantola, Ivo"]
[Black "De Waal, Mark"]
[Result "1-0"]
[WhiteElo "2226"]
[BlackElo "2272"]
[PlyCount "79"]
[EventDate "2007.09.15"]
[EventType "team-tourn"]
[EventRounds "9"]
[EventCountry "NED"]
[SourceTitle "EXT 2009"]
[Source "ChessBase"]
[SourceDate "2008.11.26"]
[SourceVersion "1"]
[SourceVersionDate "2008.11.26"]
[SourceQuality "1"]
[WhiteTeam "Leiden LSG II"]
[BlackTeam "Sas van Gent"]
[WhiteTeamCountry "NED"]
[BlackTeamCountry "NED"]

1. Nf3 Nf6 2. c4 e6 3. Nc3 d5 4. d4 c6 5. Bg5 Nbd7 6. e3 Qa5 7. cxd5 Nxd5 8. Qd2 Bd6 9. e4 Nxc3 10. bxc3 e5 11. Rd1 0-0 12. Bd3 exd4 13. Nxd4 Ne5 14. Be2 Ng6 15. h4 Qc7 16. h5 Bf4 17. Bxf4 Nxf4 18. h6 g6 19. g3 Nxe2 20. Nxe2 Qe5 21. Qe3 Be6 22. f4 Qf6 23. Kf2 Rfd8 24. Rxd8+ Rxd8 25. e5 Qe7 26. Nd4 Bc4 27. Rb1 c5 28. Ne2 b6 29. Rb2 Qe6 30. Rd2 Rxd2 31. Qxd2 Qd5 32. Qxd5 Bxd5 33. a3 f6 34. exf6 Kf7 35. g4 Kxf6 36. Ng3 Bb7 37. Ke3 Bc8 38. g5+ Ke7 39. f5 Kf7 40. f6 1-0

[Event "NED-chT 0506"]
[Site "Netherlands"]
[Date "2006.03.04"]
[Round "7.10"]
[White "De Waal, Mark"]
[Black "Kuijf, Marinus"]
[Result "0-1"]
[WhiteElo "2291"]
[BlackElo "2420"]
[PlyCount "74"]
[EventDate "2005.09.24"]
[EventType "team"]
[EventRounds "9"]
[EventCountry "NED"]
[SourceTitle "EXT 2007"]
[Source "ChessBase"]
[SourceDate "2006.11.23"]
[SourceVersion "1"]
[SourceVersionDate "2006.11.23"]
[SourceQuality "1"]
[WhiteTeam "Sas van Gent"]
[BlackTeam "Breda Worx"]
[WhiteTeamCountry "NED"]
[BlackTeamCountry "NED"]

1. d4 d5 2. Nf3 e6 3. c4 c6 4. Nc3 dxc4 5. a4 Bb4 6. e4 b5 7. Bd2 a5 8. axb5 Bxc3 9. Bxc3 cxb5 10. Qd2 Nf6 11. Qg5 0-0 12. Qxb5 Nxe4 13. Be2 Ba6 14. Qxa5 Bb7 15. Qxa8 Bxa8 16. Rxa8 Qb6 17. 0-0 Nxc3 18. bxc3 Qb2 19. Bxc4 Qxc3 20. Bb5 Qb4 21. Ba4 Nd7 22. Rxf8+ Nxf8 23. Bc2 g5 24. h3 h6 25. Rd1 Qc4 26. Bd3 Qb3 27. Rd2 Nd7 28. Bf1 Nf6 29. Rd3 Qb2 30. Nd2 Qc2 31. g3 Kg7 32. Kg2 Nd5 33. Nf3 Nf6 34. Nd2 h5 35. Kg1 g4 36. Kg2 gxh3+ 37. Kxh3 Nd5 0-1

[Event "NED-chT 0506"]
[Site "Netherlands"]
[Date "2005.12.17"]
[Round "5.2"]
[White "De Waal, Mark"]
[Black "Ernst, Sipke"]
[Result "0-1"]
[WhiteElo "2291"]
[BlackElo "2473"]
[PlyCount "44"]
[EventDate "2005.09.24"]
[EventType "team"]
[EventRounds "9"]
[EventCountry "NED"]
[SourceTitle "EXT 2007"]
[Source "ChessBase"]
[SourceDate "2006.11.23"]
[SourceVersion "1"]
[SourceVersionDate "2006.11.23"]
[SourceQuality "1"]
[WhiteTeam "Sas van Gent"]
[BlackTeam "Homburg Apeldoorn"]
[WhiteTeamCountry "NED"]
[BlackTeamCountry "NED"]

1. d4 d5 2. Nf3 Nf6 3. Bf4 c5 4. dxc5 e6 5. e3 Bxc5 6. Nbd2 0-0 7. Be2 Nc6 8. 0-0 Qb6 9. Nb3 Be7 10. a4 a5 11. Ne5 Rd8 12. Bb5 Ne4 13. Nd4 Na7 14. Nef3 f6 15. Bg3 e5 16. Ne2 Nxb5 17. axb5 Qxb5 18. b3 Bg4 19. h3 Bh5 20. Bh2 Rac8 21. g4 Bf7 22. g5 Bh5 0-1

[Event "NED-ch59 sf"]
[Site "Leeuwarden"]
[Date "2004.02.29"]
[Round "1.3"]
[White "De Waal, Mark"]
[Black "De Vreugt, Dennis"]
[Result "1/2-1/2"]
[WhiteElo "2275"]
[BlackElo "2451"]
[PlyCount "28"]
[EventDate "2004.02.28"]
[EventType "k.o."]
[EventRounds "3"]
[EventCountry "NED"]
[SourceTitle "CBM 098 Extra"]
[Source "ChessBase"]
[SourceDate "2004.03.10"]
[SourceVersion "2"]
[SourceVersionDate "2004.03.10"]
[SourceQuality "1"]

1. d4 d5 2. Nf3 c6 3. Bf4 Nf6 4. e3 a6 5. Bd3 Bg4 6. h3 Bxf3 7. Qxf3 e6 8. 0-0 Nbd7 9. Nd2 Be7 10. c3 0-0 11. e4 dxe4 12. Nxe4 Nxe4 13. Bxe4 Nf6 14. Bc2 Qd5 1/2-1/2

[Event "BEL-chT 0203"]
[Site "Belgium"]
[Date "2003.02.09"]
[Round "8.2"]
[White "De Waal, Mark"]
[Black "Stryjecki, Marek"]
[Result "1/2-1/2"]
[WhiteElo "2287"]
[BlackElo "2442"]
[PlyCount "48"]
[EventDate "2002.10.06"]
[EventType "team"]
[EventRounds "11"]
[EventCountry "BEL"]
[SourceTitle "EXT 2004"]
[Source "ChessBase"]
[SourceDate "2003.11.25"]
[SourceVersion "1"]
[SourceVersionDate "2003.11.25"]
[SourceQuality "1"]
[WhiteTeam "Jean Jaures"]
[BlackTeam "Temse"]
[WhiteTeamCountry "BEL"]
[BlackTeamCountry "BEL"]

1. d4 g6 2. Nf3 Bg7 3. c4 d6 4. Nc3 Nc6 5. h3 e5 6. e3 Nf6 7. dxe5 Nxe5 8. Nxe5 dxe5 9. Qc2 0-0 10. Be2 c6 11. 0-0 Qe7 12. e4 Nd7 13. Be3 Nc5 14. Bxc5 Qxc5 15. a3 Rd8 16. b4 Qe7 17. Rad1 Rd4 18. Rxd4 exd4 19. Na4 b6 20. c5 b5 21. Nb2 a5 22. a4 axb4 23. axb5 Ra2 24. Qb1 b3 1/2-1/2

[Event "BEL-chT 0203"]
[Site "Belgium"]
[Date "2002.12.08"]
[Round "4.2"]
[White "Hendriks, Willy"]
[Black "De Waal, Mark"]
[Result "1-0"]
[WhiteElo "2418"]
[BlackElo "2287"]
[PlyCount "120"]
[EventDate "2002.10.06"]
[EventType "team"]
[EventRounds "11"]
[EventCountry "BEL"]
[SourceTitle "EXT 2004"]
[Source "ChessBase"]
[SourceDate "2003.11.25"]
[SourceVersion "1"]
[SourceVersionDate "2003.11.25"]
[SourceQuality "1"]
[WhiteTeam "Bruges"]
[BlackTeam "Jean Jaures"]
[WhiteTeamCountry "BEL"]
[BlackTeamCountry "BEL"]

1. e4 Nf6 2. e5 Nd5 3. d4 d6 4. Nf3 Bg4 5. Be2 c6 6. c4 Nb6 7. exd6 exd6 8. 0-0 Be7 9. Qb3 0-0 10. Bf4 a5 11. Nbd2 a4 12. Qc2 N8d7 13. Rfe1 Re8 14. Bd3 Nf8 15. Rab1 Bh5 16. b4 Bg6 17. b5 c5 18. d5 Bxd3 19. Qxd3 Ng6 20. Bg3 Qd7 21. h4 h6 22. Re2 Bf8 23. Rbe1 Rxe2 24. Rxe2 Re8 25. Rxe8 Qxe8 26. h5 Nh8 27. Kf1 f6 28. Qf5 Nf7 29. Qg6 Qd7 30. Nh4 a3 31. f3 Nc8 32. Ne4 Kh8 33. Bf4 Ng5 34. Bxg5 hxg5 35. Nf5 Ne7 36. Qf7 Qxf5 37. Qxf8+ Ng8 38. Qxd6 g4 39. Qe6 Qf4 40. Qxg4 Qc1+ 41. Kf2 Qb2+ 42. Kg3 Qxa2 43. d6 Qxc4 44. d7 a2 45. d8Q a1Q 46. Qc7 Qe5+ 47. Qxe5 fxe5 48. b6 Qf7 49. Nxc5 Nf6 50. Qc8+ Kh7 51. Qf5+ Kh8 52. Kh2 Qe7 53. Ne4 Nxe4 54. Qxe4 Qg5 55. g4 Qe7 56. Kh3 Qf7 57. Kg3 Qe7 58. Qf5 Qc5 59. Qf7 Qxb6 60. Qf8+ Kh7 1-0

[Event "BEL-chT 0102"]
[Site "Belgium"]
[Date "2001.12.23"]
[Round "5"]
[White "Cools, Gorik"]
[Black "De Waal, Mark"]
[Result "1-0"]
[WhiteElo "2327"]
[BlackElo "2322"]
[PlyCount "61"]
[EventDate "2001.10.14"]
[EventType "team"]
[EventRounds "11"]
[EventCountry "BEL"]
[SourceTitle "EXT 2003"]
[Source "ChessBase"]
[SourceDate "2002.11.25"]
[SourceVersion "1"]
[SourceVersionDate "2002.11.25"]
[SourceQuality "1"]

1. e4 Nf6 2. e5 Nd5 3. d4 d6 4. Nf3 Bg4 5. Be2 c6 6. Ng5 Bf5 7. Bd3 Bxd3 8. Qxd3 h6 9. Ne4 dxe5 10. dxe5 e6 11. 0-0 Nd7 12. Qg3 Qb8 13. Nd6+ Bxd6 14. exd6 N5f6 15. Rd1 Kf8 16. b3 a5 17. c4 b5 18. cxb5 cxb5 19. Nc3 b4 20. Na4 Qb5 21. Bb2 h5 22. Rac1 h4 23. Qf3 Rd8 24. h3 Rh5 25. Qf4 Qf5 26. Qc4 Nd5 27. Qb5 N5f6 28. Qb7 Rg5 29. Rc8 Rxc8 30. Qxc8+ Ne8 31. Qxd7 1-0

[Event "BEL-chT 0102"]
[Site "Belgium"]
[Date "2001.12.09"]
[Round "4"]
[White "Schumacher, Helmut"]
[Black "De Waal, Mark"]
[Result "0-1"]
[WhiteElo "2176"]
[BlackElo "2322"]
[PlyCount "52"]
[EventDate "2001.10.14"]
[EventType "team"]
[EventRounds "11"]
[EventCountry "BEL"]
[SourceTitle "EXT 2003"]
[Source "ChessBase"]
[SourceDate "2002.11.25"]
[SourceVersion "1"]
[SourceVersionDate "2002.11.25"]
[SourceQuality "1"]

1. d4 d5 2. Nc3 Bf5 3. Bg5 h6 4. Bf4 Nf6 5. e3 e6 6. Bd3 Bxd3 7. Qxd3 Nc6 8. Nf3 Bd6 9. 0-0 0-0 10. Bxd6 Qxd6 11. e4 dxe4 12. Nxe4 Nxe4 13. Qxe4 Qb4 14. Rab1 Rad8 15. c3 Qc4 16. a3 a5 17. Rfe1 a4 18. Re3 b5 19. Rbe1 Ne7 20. Ne5 Qd5 21. Qc2 c5 22. dxc5 Qxc5 23. Nf3 Nc6 24. Ne5 Ne7 25. Nf3 Ng6 26. Nd4 Rxd4 0-1

[Event "BEL-chT 9899"]
[Site "Antwerp"]
[Date "1999.04.??"]
[Round "11"]
[White "De Waal, Mark"]
[Black "Mohandesi, Shahin"]
[Result "0-1"]
[WhiteElo "2314"]
[BlackElo "2316"]
[PlyCount "96"]
[EventDate "1998.10.??"]
[EventType "team"]
[EventRounds "11"]
[EventCountry "BEL"]
[SourceTitle "EXT 2000"]
[Source "ChessBase"]
[SourceDate "1999.11.16"]
[SourceVersion "1"]
[SourceVersionDate "1999.11.16"]
[SourceQuality "1"]

1. d4 Nf6 2. Nf3 g6 3. c4 Bg7 4. Nc3 d5 5. Bf4 0-0 6. e3 c5 7. Be2 cxd4 8. Nxd4 Nc6 9. 0-0 Nxd4 10. Qxd4 Be6 11. cxd5 Nxd5 12. Be5 Nxc3 13. bxc3 Bxe5 14. Qxe5 Rc8 15. a4 Qc7 16. Qd4 Rfd8 17. Qb4 Rd7 18. Rfc1 Qc5 19. Bf3 b6 20. h3 Rdc7 21. Qh4 Qe5 22. Qd4 Qxd4 23. exd4 Rxc3 24. Rxc3 Rxc3 25. a5 b5 26. Rb1 Rb3 27. Re1 Kf8 28. Bc6 b4 29. d5 Bf5 30. d6 exd6 31. Re8+ Kg7 32. Re7 Be6 33. Rxa7 Ra3 34. Kh2 b3 35. Be4 g5 36. Ra8 Bc4 37. g4 h6 38. Bf5 Kf6 39. Bc8 Bd5 40. Ra6 Ke5 41. Bf5 Ra1 42. f3 Kf4 43. Rxd6 Ra2+ 44. Kg1 Rxa5 45. Rxh6 Bxf3 46. Rb6 Bd5 47. Kf2 Ra2+ 48. Kf1 Ke3 0-1

[Event "BEL-chT 9899"]
[Site "Antwerp"]
[Date "1999.03.??"]
[Round "9"]
[White "De Waal, Mark"]
[Black "Sadkowsky, Daniel"]
[Result "1-0"]
[WhiteElo "2314"]
[BlackElo "2280"]
[PlyCount "113"]
[EventDate "1998.10.??"]
[EventType "team"]
[EventRounds "11"]
[EventCountry "BEL"]
[SourceTitle "EXT 2000"]
[Source "ChessBase"]
[SourceDate "1999.11.16"]
[SourceVersion "1"]
[SourceVersionDate "1999.11.16"]
[SourceQuality "1"]

1. d4 d5 2. Nf3 Nf6 3. c4 e6 4. Bg5 Be7 5. Nc3 h6 6. Bh4 0-0 7. e3 b6 8. Rc1 Bb7 9. cxd5 Nxd5 10. Bg3 c5 11. Bd3 cxd4 12. exd4 Nxc3 13. bxc3 Nc6 14. 0-0 Bf6 15. Qe2 g6 16. Rfe1 Bg7 17. h4 Qd5 18. Rb1 Ne7 19. c4 Qh5 20. d5 Nf5 21. Bxf5 Qxf5 22. dxe6 Bxf3 23. gxf3 Qxe6 24. Qxe6 fxe6 25. Rxe6 Kf7 26. Rd6 Rfd8 27. c5 Rxd6 28. cxd6 Rd8 29. Rc1 Rd7 30. Rc7 Ke6 31. Rc8 h5 32. Kf1 Kf7 33. Ke2 Bf8 34. Ke3 Bxd6 35. Bxd6 Rxd6 36. Rc7+ Kf6 37. Rxa7 Kf5 38. Rf7+ Rf6 39. Rxf6+ Kxf6 40. Kf4 b5 41. a3 g5+ 42. hxg5+ Kg6 43. Ke5 Kxg5 44. f4+ Kg6 45. f5+ Kf7 46. Kf4 Kf6 47. f3 h4 48. Kg4 h3 49. Kxh3 Kxf5 50. Kg3 Kg5 51. f4+ Kf5 52. Kf3 Kf6 53. Ke4 Ke6 54. Kd4 Kf5 55. Kc5 Kxf4 56. Kxb5 Ke5 57. a4 1-0

[Event "Sas van Gent 25th"]
[Site "Sas van Gent"]
[Date "1998.??.??"]
[Round "2"]
[White "De Waal, Mark"]
[Black "Berend, Fred"]
[Result "1/2-1/2"]
[WhiteElo "2300"]
[BlackElo "2355"]
[PlyCount "153"]
[EventDate "1998.08.??"]
[EventType "tourn"]
[EventRounds "9"]
[EventCountry "NED"]
[EventCategory "4"]
[SourceTitle "EXT 1999"]
[Source "ChessBase"]
[SourceDate "1998.11.16"]
[SourceVersion "1"]
[SourceVersionDate "1998.11.16"]
[SourceQuality "1"]

1. d4 Nf6 2. Nf3 e6 3. Bg5 b6 4. e3 Bb7 5. Be2 c5 6. 0-0 Be7 7. c4 h6 8. Bh4 Ne4 9. Bxe7 Qxe7 10. Nbd2 Nf6 11. Nb1 0-0 12. Nc3 d6 13. Qd2 Nbd7 14. Rfd1 Rfd8 15. Rac1 Rac8 16. b3 a6 17. h3 Ne4 18. Nxe4 Bxe4 19. dxc5 Nxc5 20. b4 Na4 21. Nd4 Nc5 22. Nf3 Na4 23. Nd4 Nc5 24. Nc2 Bxc2 25. Qxc2 Nd7 26. Qa4 Nb8 27. Bf3 Rc7 28. Rc2 Rdc8 29. Rcd2 Rxc4 30. Rxd6 b5 31. Qb3 Nc6 32. Bxc6 R4xc6 33. Qd3 g6 34. g3 Kg7 35. Qd4+ Qf6 36. Kg2 Qxd4 37. R1xd4 Kf6 38. a3 R8c7 39. Kf3 Ke7 40. Rxc6 Rxc6 41. Rd3 Rc2 42. g4 e5 43. e4 Rc4 44. Ke3 Rc1 45. Kf3 Ke6 46. Kg2 h5 47. gxh5 gxh5 48. h4 Rc4 49. f3 f5 50. Re3 Rc2+ 51. Kg1 Rc8 52. Kf2 Rc4 53. Kg2 Rc1 54. Kf2 Rc8 55. Rd3 Rc2+ 56. Kf1 Rh2 57. Rc3 fxe4 58. fxe4 Kd6 59. Rg3 Rxh4 60. Rg6+ Kc7 61. Rxa6 Rxe4 62. Kf2 h4 63. Rh6 Rg4 64. Ke3 Rc4 65. Kd3 Rg4 66. Ke3 Kd7 67. Kf3 Rc4 68. Rb6 h3 69. Rh6 Kc7 70. Ke3 Rc3+ 71. Ke4 Rxa3 72. Kxe5 Rd3 73. Rh7+ Kc6 74. Rh6+ Kd7 75. Rh7+ Ke8 76. Ke4 Rb3 77. Kd5 1/2-1/2

[Event "BEL-chT 9798"]
[Site "Antwerp"]
[Date "1998.??.??"]
[Round "8"]
[White "De Waal, Mark"]
[Black "Fontaine, Robert"]
[Result "1-0"]
[WhiteElo "2240"]
[BlackElo "2365"]
[PlyCount "120"]
[EventDate "1997.??.??"]
[EventType "team"]
[EventRounds "11"]
[EventCountry "BEL"]
[SourceTitle "EXT 1999"]
[Source "ChessBase"]
[SourceDate "1998.11.16"]
[SourceVersion "1"]
[SourceVersionDate "1998.11.16"]
[SourceQuality "1"]

1. d4 d5 2. c4 c6 3. Nc3 Nf6 4. Nf3 e6 5. Bg5 h6 6. Bxf6 Qxf6 7. Qc2 Nd7 8. e4 dxe4 9. Qxe4 g6 10. Be2 Bg7 11. 0-0 0-0 12. Rad1 c5 13. Qe3 b6 14. d5 Ne5 15. Nd2 Bb7 16. Nde4 Qe7 17. Kh1 f5 18. Nd2 exd5 19. cxd5 f4 20. Qe4 Qf6 21. Nf3 Nf7 22. Bd3 Rad8 23. Rfe1 Nd6 24. Qe6+ Kh7 25. Nh4 Nf5 26. Nxf5 gxf5 27. Qxf6 Rxf6 28. Re7 Ba8 29. Rxa7 Kg6 30. Bc4 Rff8 31. d6 f3 32. g3 Bd4 33. d7 Bxf2 34. a4 Bd4 35. Bd5 f2 36. Kg2 Kf6 37. Bxa8 Rxa8 38. Rxa8 Rxa8 39. Nb5 Rd8 40. Nxd4 Rxd7 41. Kxf2 cxd4 42. Ke2 Re7+ 43. Kd3 Re4 44. b4 Ke5 45. Ra1 Re3+ 46. Kd2 Rb3 47. a5 bxa5 48. bxa5 Rb2+ 49. Kd3 Rb3+ 50. Kc2 Rc3+ 51. Kd2 Ke4 52. a6 Rc8 53. a7 Ra8 54. Ra4 h5 55. Ke2 f4 56. gxf4 h4 57. Kf2 Kd3 58. f5 Kc3 59. Ke2 Kc2 60. Rxd4 Rxa7 1-0

[Event "Computerij op"]
[Site "Zwolle"]
[Date "1998.??.??"]
[Round "3"]
[White "De Waal, Mark"]
[Black "Van den Doel, Erik"]
[Result "1/2-1/2"]
[WhiteElo "2245"]
[BlackElo "2485"]
[PlyCount "53"]
[EventDate "1998.03.??"]
[EventType "swiss"]
[EventRounds "6"]
[EventCountry "NED"]
[SourceTitle "EXT 1999"]
[Source "ChessBase"]
[SourceDate "1998.11.16"]
[SourceVersion "1"]
[SourceVersionDate "1998.11.16"]
[SourceQuality "1"]

1. d4 Nf6 2. c4 g6 3. Nc3 Bg7 4. Nf3 0-0 5. Bf4 d6 6. h3 c5 7. e3 cxd4 8. exd4 d5 9. Be2 dxc4 10. Bxc4 Nbd7 11. 0-0 Nb6 12. Bb3 Nbd5 13. Be5 b6 14. Bxf6 Nxf6 15. Ne5 Bb7 16. Re1 Rc8 17. Rc1 Rc7 18. Qe2 Bh6 19. Rcd1 e6 20. Nb5 Re7 21. Nc3 Qa8 22. Ng4 Nxg4 23. Qxg4 Rfe8 24. d5 exd5 25. Rxe7 Rxe7 26. Nxd5 Bxd5 27. Bxd5 1/2-1/2

[Event "Sas van Gent 25th"]
[Site "Sas van Gent"]
[Date "1998.??.??"]
[Round "9"]
[White "Sepp, Olav"]
[Black "De Waal, Mark"]
[Result "1-0"]
[WhiteElo "2380"]
[BlackElo "2300"]
[PlyCount "61"]
[EventDate "1998.08.??"]
[EventType "tourn"]
[EventRounds "9"]
[EventCountry "NED"]
[EventCategory "4"]
[SourceTitle "EXT 1999"]
[Source "ChessBase"]
[SourceDate "1998.11.16"]
[SourceVersion "1"]
[SourceVersionDate "1998.11.16"]
[SourceQuality "1"]

1. g3 d5 2. Bg2 e5 3. d3 c6 4. Nf3 Bd6 5. 0-0 Nf6 6. Nbd2 0-0 7. e4 Nbd7 8. Qe2 Re8 9. b3 a5 10. a3 dxe4 11. dxe4 Nc5 12. Bb2 Bg4 13. Rad1 Qe7 14. h3 Bxf3 15. Nxf3 Rad8 16. Nh4 g6 17. a4 b6 18. Kh2 Bc7 19. Ba3 Bd6 20. Bb2 Rd7 21. Rd2 Red8 22. Rfd1 Bc7 23. Rxd7 Rxd7 24. Rxd7 Qxd7 25. Nf3 Nfxe4 26. Nxe5 Qf5 27. Nxc6 Bd6 28. Be5 Bf8 29. f4 Nc3 30. Bxc3 g5 31. Ne7+ 1-0

[Event "Sas van Gent 25th"]
[Site "Sas van Gent"]
[Date "1998.??.??"]
[Round "7"]
[White "Van der Stricht, Geert"]
[Black "De Waal, Mark"]
[Result "0-1"]
[WhiteElo "2355"]
[BlackElo "2300"]
[PlyCount "82"]
[EventDate "1998.08.??"]
[EventType "tourn"]
[EventRounds "9"]
[EventCountry "NED"]
[EventCategory "4"]
[SourceTitle "EXT 1999"]
[Source "ChessBase"]
[SourceDate "1998.11.16"]
[SourceVersion "1"]
[SourceVersionDate "1998.11.16"]
[SourceQuality "1"]

1. d4 Nf6 2. c4 e6 3. Nf3 c5 4. d5 b5 5. Bg5 exd5 6. cxd5 h6 7. Bxf6 Qxf6 8. Nc3 b4 9. Na4 d6 10. a3 bxa3 11. Rxa3 Nd7 12. e3 Be7 13. Bb5 0-0 14. 0-0 Ne5 15. Nxe5 Qxe5 16. Nb6 Rb8 17. Nc4 Qg5 18. f4 Qg6 19. Bc6 a6 20. Rf2 Rb4 21. b3 Bg4 22. Qf1 Bf5 23. Rd2 Rfb8 24. Ba4 Bd8 25. Ra1 Be4 26. f5 Bxf5 27. Nxd6 Qxd6 28. Qxf5 Bf6 29. Rc1 Bg5 30. Rd3 c4 31. Rdc3 g6 32. Qf3 cxb3 33. Rf1 f6 34. Rc6 Qf8 35. Rxa6 b2 36. Rb1 Qc5 37. Bd1 Qc1 38. d6 Qxb1 39. Qd5+ Kh8 40. d7 Qxd1+ 41. Qxd1 b1Q 0-1

[Event "BEL-chT 9798"]
[Site "Antwerp"]
[Date "1997.??.??"]
[Round "2"]
[White "Barsov, Alexei"]
[Black "De Waal, Mark"]
[Result "0-1"]
[WhiteElo "2445"]
[BlackElo "2255"]
[PlyCount "80"]
[EventDate "1997.??.??"]
[EventType "team"]
[EventRounds "11"]
[EventCountry "BEL"]
[SourceTitle "EXT 1999"]
[Source "ChessBase"]
[SourceDate "1998.11.16"]
[SourceVersion "1"]
[SourceVersionDate "1998.11.16"]
[SourceQuality "1"]

1. d4 Nf6 2. c4 e6 3. Nc3 d5 4. cxd5 exd5 5. Bg5 c6 6. Qc2 Nbd7 7. e3 Bd6 8. Bd3 Nf8 9. Nge2 Ng6 10. Ng3 Be7 11. 0-0-0 0-0 12. h4 Re8 13. h5 Nf8 14. h6 g6 15. Kb1 a5 16. f3 Ne6 17. Bxf6 Bxf6 18. f4 Nf8 19. Qf2 Bg4 20. Be2 Bxe2 21. Ngxe2 Qe7 22. Rh3 b5 23. Nc1 a4 24. Nd3 b4 25. Ne2 a3 26. b3 Qe4 27. Qf3 Qe7 28. g4 Ne6 29. Rg3 c5 30. dxc5 Rac8 31. g5 Bh8 32. f5 Nxg5 33. Qxd5 Red8 34. Qc4 Qf6 35. Kc2 Qxf5 36. Qxb4 Ne4 37. Nd4 Bxd4 38. exd4 Nxg3 39. Qe1 Ne4 40. Qe3 Re8 0-1